• 首页
  • 本馆介绍
  • 公告通知
  • 最新文献
  • 馆藏检索
  • 电子资源
  • 读者导购
  • 参考咨询
  • 我的图书馆
  • 登录
  • 详细信息显示
  • 放入我的书架
  • 预约/预借图书
  • 作者相关作品
  • 分类相关作品
  • 丛书相关作品
  • 出版社相关作品

书目信息

  • 表格格式
  • 工作单格式
  • 卡片格式
题名:
歌曲写作基础教程
    
 
作者: 张宏光 , 陈涤非 编著
分册:  
出版信息: 北京   人民音乐出版社  2023
页数: 363页
开本: 26cm
丛书名:
单 册:
中图分类: J614.5
科图分类:
主题词: 歌曲作法--Ge Qu Zuo Fa--教材
电子资源:
ISBN: 978-7-103-06388-0
000 00947nam0 2200241 450
001 012024000176
005 20241025231154.0
010    @a978-7-103-06388-0@dCNY82.00
100    @a20241025d2023 em y0chiy50 ea
101 0  @achi
102    @aCN@b110000
105    @ag z 000yy
106    @ar
200 1  @a歌曲写作基础教程@AGe Qu Xie Zuo Ji Chu Jiao Cheng@f张宏光, 陈涤非编著
210    @a北京@c人民音乐出版社@d2023
215    @a363页@d26cm
330    @a本书分为上、中、下三篇,总计十四个章节,内容包括:歌曲写作的预备知识、歌曲音乐主题的写作、旋律发展手法、调式的运用、乐段结构的歌曲写作、单二部曲式的歌曲写作、单三部曲式的歌曲写作、多部曲式的歌曲写作等。
606 0  @a歌曲作法@AGe Qu Zuo Fa@j教材
690    @aJ614.5@v5
701  0 @a张宏光@AZhang Hong Guang@c(音乐)@4编著
701  0 @a陈涤非@AChen Di Fei@f(1948-)@4编著
801  0 @aCN@bAHXH@c20241025
905    @b214155420@b214155411@b214155402@b214155395@b214155386@f5@dJ614.5@e1673
    
    歌曲写作基础教程/张宏光, 陈涤非编著.-北京:人民音乐出版社,2023
    363页;26cm
    
    
    ISBN 978-7-103-06388-0:CNY82.00
    本书分为上、中、下三篇,总计十四个章节,内容包括:歌曲写作的预备知识、歌曲音乐主题的写作、旋律发展手法、调式的运用、乐段结构的歌曲写作、单二部曲式的歌曲写作、单三部曲式的歌曲写作、多部曲式的歌曲写作等。
●
相关链接 在E读中查询图书 在五车中查询图书 在当当中查询图书 在豆瓣中查询图书


正题名:歌曲写作基础教程     索取号:J614.5/1673         预约/预借

序号 登录号 条形码 馆藏地/架位号 状态 备注
1 1415538   214155386   第一样本阅览室/ [索取号:J614.5/1673] 在馆    
2 1415539   214155395   第一借阅区/ [索取号:J614.5/1673] 在馆    
3 1415540   214155402   第一借阅区/ [索取号:J614.5/1673] 在馆    
4 1415541   214155411   第一借阅区/ [索取号:J614.5/1673] 在馆    
5 1415542   214155420   第一借阅区/ [索取号:J614.5/1673] 在馆    
唐山师范学院图书馆 欢迎您!
大连网信软件有限公司© 版权所有